| 000 | 00878cab a22001815a 4500 | ||
|---|---|---|---|
| 001 | L144759 | ||
| 008 | 080808s2008 xxkd f s 000 0 eng d | ||
| 035 | _a(Sirsi) u144759 | ||
| 041 | 0 | _aeng | |
| 110 | 2 |
_aAsia Property _95589 |
|
| 245 | 0 | 0 | _aRoom for expansion |
| 260 | _c2008 | ||
| 490 |
_aAsia Property _vJune 2008, 8-9(2) |
||
| 520 | _aStates that India is one of the most under-supplied hotel markets in the world, explores the reasons and mentions some of the large hotel brands waiting for an opportunity to enter the market. Provides statistics for average room rates which demonstrate a rapid increase in prices and discusses high land costs and the disconnect between hotel projects being announced and actual development. | ||
| 651 | 4 | _aIndia | |
| 690 | _aPROPERTY-RESIDENTIAL PROPERTY-COMMUNAL RESIDENTIAL PROPERTY-COMMUNAL RESIDENTIAL FACILITIES | ||
| 942 | _n0 | ||
| 999 |
_c80578 _d80578 |
||